UGH! Words Quiz Stats

Quiz Updated Sep 13, 2014

Also try: 'ORC' Words
Challenge
Share
Tweet
Embed
Score 0/16 Timer 04:00
0 Plays Today
Clue UGH Word % Correct
Having a coarse or uneven surfaceRough
90.2%
Adequate or sufficient quantityEnough
88.1%
The product of mental activityThought
85.6%
Product of radioactive decay; a female childDaughter
82.3%
Incorporated municipality; administrative division of NYCBorough
81.9%
Imparted knowledge of; gave instruction in Taught
80.6%
Mischievous or disobedient, like some of Santa's childrenNaughty
76.5%
Agricultural implement used to cut or turn over earthPlough
76.2%
Clue UGH Word % Correct
In spite of the fact; notwithstandingAlthough
70.2%
To kill or butcher, for food; to defeat severelySlaughter
69.1%
Seized or captured; contractedCaught
69%
To express pleasure, mirth, or nervousnessLaugh
67.1%
Engaged in battle or combatFought
67%
Vacation or leave of absence, granted to an enlisted personFurlough
65.2%
To harden; to increase the strength ofToughen
62.7%
Distracted; deeply agitatedDistraught
55.2%

You're not logged in!

Compare scores with friends on all Sporcle quizzes.
Sign Up with Email
OR
Log In

You Might Also Like...

Show Comments

Extras

Top Quizzes Today


Score Distribution

Your Account Isn't Verified!

In order to create a playlist on Sporcle, you need to verify the email address you used during registration. Go to your Sporcle Settings to finish the process.